| 000 | 00546cam a2200205ua 4500 | ||
|---|---|---|---|
| 020 | _c136.08 | ||
| 041 |
_aeng _h |
||
| 082 |
_a628.11 _bMAS/WA |
||
| 100 | _aMaskew Fair, Gordon . | ||
| 245 |
_aWater and waste water engineering, Vol 2 / _cGordon Maskew Fair. _hTextual Documents |
||
| 250 |
_a1 / _b. |
||
| 260 |
_aLondon : _bJohn Wiley & Sons , _c1968. |
||
| 300 | _a386 ; . | ||
| 365 | _a136.08 | ||
| 504 | _a | ||
| 700 | 1 | _aAlexander Okun, Daniel . | |
| 700 | 1 | _aCharles Geyer, John . | |
| 942 | _cBK | ||
| 999 |
_c9367 _d9367 |
||